| 000 | 00824nam a2200217 a 4500 | ||
|---|---|---|---|
| 003 | OSt | ||
| 005 | 20130528133835.0 | ||
| 008 | 130524s1989 ag ||||| |||| 00| 0 spa d | ||
| 020 | _a9974-622-02-6 | ||
| 040 | _cBiblioteca Medicina | ||
| 041 | _aspa | ||
| 082 | _aOMS CLAP1311 | ||
| 110 |
_aOrganizacion Mundial de la Salud _91006 |
||
| 245 | 0 | 0 | _aPrevencion y manejo de la hemorragia posparto |
| 250 | _a1° ed. | ||
| 260 |
_aMontevideo, _bCentro Latinoamericano de Perinatologia y Desarrollo Humano (CLAP); _bPrograma de Salud Integral del Adolescente y Division de Promocion y Proteccion de la Salud OPS/OMS |
||
| 300 | _a57 p. | ||
| 653 | _aHEMORRAGIA POSPARTO-PREVENCION & CONTROL | ||
| 942 |
_2ddc _cPH |
||
| 999 |
_c1464 _d1464 |
||
| 952 |
_pH0004 _40 _00 _bBFM _10 _oOMS CLAP1311 _d2013-05-28 _tEj. 1 _8NFIC _70 _cCR _2ddc _yPH _aBFM |
||